| 000 | 00710nam a2200217 i 4500 | ||
|---|---|---|---|
| 001 | 105632 | ||
| 003 | ES-MaACL | ||
| 007 | t| | ||
| 008 | 060731s1959 ag ||||1| spa d | ||
| 080 | _a821.133.1-31"19" | ||
| 100 | 1 |
_aRochefort, Christiane. _998068 |
|
| 245 | 1 | 3 |
_aEl reposo del guerrero / _cChristiane Rochefort ; traducción de Miguel de Hernani. |
| 260 |
_aBuenos Aires : _bLosada, _c[1959] |
||
| 300 |
_a209 p. ; _c21 cm. |
||
| 490 | 1 | _aLos grandes novelistas de nuestra época | |
| 500 | _aBiblioteca Juan Andrade. | ||
| 700 | 1 |
_aHernani, Miguel de. _963115 |
|
| 830 | 0 |
_aLos grandes novelistas de nuestra época _9184584 |
|
| 852 |
_aES-MaACL _jAND-435 _bR.109739 |
||
| 999 |
_c105632 _d105632 |
||